LOntozes (Record no. 3107)

MARC details
000 -LEADER
fixed length control field 00240nam a22001217a 4500
041 ## - LANGUAGE CODE
Language code of text/sound track or separate title ENG
100 ## - MAIN ENTRY--PERSONAL NAME
Personal name Kurt.B
245 ## - TITLE STATEMENT
Title LOntozes
260 ## - PUBLICATION, DISTRIBUTION, ETC. (IMPRINT)
Place of publication, distribution, etc Budapest
Name of publisher, distributor, etc A Vizugyi Dokumetacios Es
Date of publication, distribution, etc 1978
300 ## - PHYSICAL DESCRIPTION
Extent 627
650 ## - SUBJECT ADDED ENTRY--TOPICAL TERM
Topical term or geographic name as entry element 48
856 ## - ELECTRONIC LOCATION AND ACCESS
Uniform Resource Identifier 48
Holdings
Withdrawn status Lost status Source of classification or shelving scheme Damaged status Not for loan Home library Current library Shelving location Date acquired Total Checkouts Barcode Date last seen Price effective from Koha item type
    Dewey Decimal Classification     College of Agricultural Engineering and Technology, Dapoli , Library College of Agricultural Engineering and Technology, Dapoli , Library Book Cart 16/12/2021   G00619 16/12/2021 16/12/2021 Books

Contact Us: College of Agricultural Engineering and Technology, Dapoli, Dist.- Ratnagiri
Website: https://dbskkv.org Email: caetlibrary2015@gmail.com